| 000 | 00766nam a22002177a 4500 | ||
|---|---|---|---|
| 999 |
_c21922 _d21922 |
||
| 003 | AR-CdUCM | ||
| 008 | 190426b ||||| |||| 00| 0 spa d | ||
| 040 |
_aMUNICIPALIDAD PROVINCIAL DEL CUSCO _cBIBLIOTECA MUNICIPAL DEL CUSCO |
||
| 041 | _hspa | ||
| 082 |
_aPI/813/Y97 _bY97 |
||
| 245 |
_aEl caballito jorobado / _cCuento ruso de Yerchoff, transcripción al español Angelina Beloff y German Cueto |
||
| 260 |
_aMéxico : _bSecretaria de educación pública, _c1943. |
||
| 300 |
_a26 páginas. : _bilustraciones, _c35 cm. |
||
| 440 |
_aBiblioteca de Chapulín. _946858 |
||
| 650 |
_aLiteratura infantil _9588 |
||
| 650 |
_aLiteratura Rusa _946859 |
||
| 700 |
_aBeloff, Angelina _946860 |
||
| 700 |
_aCueto, Germán _946861 |
||
| 942 |
_2ddc _cLIBROS |
||
| 945 | _arac | ||